Recopilación de normativa especializada en derechos de primera infancia niñez y adolescencia/ (Registro nro. 9663)

Detalles MARC
000 -LEADER
fixed length control field 01183nam a2200217Ia 4500
005 - FECHA Y HORA DE LA ÚLTIMA TRANSACCIÓN
control field 20231009112103.0
008 - FIXED-LENGTH DATA ELEMENTS--GENERAL INFORMATION
fixed length control field 231006s9999 xx 000 0 und d
020 ## - INTERNATIONAL STANDARD BOOK NUMBER
International Standard Book Number 978-99983-968-7-6
040 ## - CATALOGING SOURCE
Original cataloging agency UPAN
Transcribing agency Biblioteca San Vicente
Description conventions RCAA59
041 ## - LANGUAGE CODE
Language code of text/sound track or separate title spa
082 ## - DEWEY DECIMAL CLASSIFICATION NUMBER
Classification number 323.352
Item number E49d
año de publicación 2022
110 ## - MAIN ENTRY--CORPORATE NAME
Corporate name or jurisdiction name as entry element UTE
245 #0 - TITLE STATEMENT
Title Recopilación de normativa especializada en derechos de primera infancia niñez y adolescencia/
Remainder of title UTE
260 ## - PUBLICATION, DISTRIBUTION, ETC. (IMPRINT)
Place of publication, distribution, etc El Salvador:
Name of publisher, distributor, etc UTE,
Date of publication, distribution, etc 2022
300 ## - PHYSICAL DESCRIPTION
Extent 100 p.:
Dimensions 23 cm.
505 ## - FORMATTED CONTENTS NOTE
Formatted contents note 1. Ley Crecer Juntos para la Protección Integral de la Primera Infancia, Niñez y Adolescencia <br/>2. Política Nacional de Apoyo al desarrollo Infantil Temprano<br/>3. Ley Nacer con Cariño para un Parto Respetado y un Cuidado Cariñoso y Sensible para el Recién Nacido<br/>4. Reglamento de la Ley Nacer con Cariño para un Parto Respetado y un Cuidado Cariñoso y Sensible para el Recién Nacido <br/>5. Ley Amor Convertido en Alimento para el Fomento, Protección y Apoyo a la Lactancia Materna
650 ## - SUBJECT ADDED ENTRY--TOPICAL TERM
Source of heading or term LEMB
Topical term or geographic name as entry element Legislación
General subdivision Derechos Humanos
650 ## - SUBJECT ADDED ENTRY--TOPICAL TERM
Source of heading or term LEMB
Topical term or geographic name as entry element Niños
General subdivision Legislación
700 ## - ADDED ENTRY--PERSONAL NAME
Personal name Comisión Coordinadora del Sector Justicia
Relator code col.
942 ## - ADDED ENTRY ELEMENTS (KOHA)
Koha item type Libros
Source of classification or shelving scheme Dewey Decimal Classification
Existencias
Withdrawn status Lost status Source of classification or shelving scheme Damaged status Not for loan Collection code Home library Current library Date acquired Total Checkouts Full call number Barcode Date last seen Copy number Price effective from Koha item type
    Dewey Decimal Classification     Colección General Biblioteca UPAN San Vicente Biblioteca UPAN San Vicente 06/10/2023   323.352 E49d 12004394 06/10/2023 01 06/10/2023 Libros
    Dewey Decimal Classification     Colección General Biblioteca UPAN San Vicente Biblioteca UPAN San Vicente 06/10/2023   323.352 E49d 12004396 09/10/2023 02 06/10/2023 Libros
    Dewey Decimal Classification     Colección General Biblioteca UPAN San Vicente Biblioteca UPAN San Vicente 06/10/2023   323.352 E49d 12004395 09/10/2023 03 06/10/2023 Libros